| 000 | 00630nam a22001817a 4500 | ||
|---|---|---|---|
| 999 |
_c15227 _d15227 |
||
| 003 | OSt | ||
| 082 | _2631.3 MAN/TE | ||
| 088 | _aP 124 | ||
| 100 |
_aMANOJ S _92801 |
||
| 245 | _aTechno - economic evaluation of solar photovoltaic water pumping system | ||
| 260 |
_aTavanur 2002 _bKelappaji College of Agricultural Engineering and Technology |
||
| 300 | _a52 | ||
| 500 | _aTechno - economic evaluation of solar photovoltaic water pumping system | ||
| 520 | _aTechno - economic evaluation of solar photovoltaic water pumping system | ||
| 700 |
_aRaheena K. T _92804 |
||
| 700 |
_aProf. C. P Muhammad (Guide) _92457 |
||
| 942 | _cPR | ||